Các bệnh do nước uống gây nên được điều trị tại trung tâm y tế Cần Thơ

Сохранить в:
Библиографические подробности
Главный автор: Nguyễn Bạch Mai
Формат:
Язык:Undetermined
Опубликовано: Cần Thơ Viện Đại Học Cần Thơ - Đại Học KHoa Học - Ban Vạn Vật Học 1972
Предметы:
Метки: Добавить метку
Нет меток, Требуется 1-ая метка записи!
Thư viện lưu trữ: Trung tâm Học liệu Trường Đại học Cần Thơ
LEADER 00706nam a2200181Ia 4500
001 CTU_33790
008 210402s9999 xx 000 0 und d
082 |a 616 
082 |b M103 
100 |a Nguyễn Bạch Mai 
245 0 |a Các bệnh do nước uống gây nên được điều trị tại trung tâm y tế Cần Thơ 
245 0 |c Nguyễn Bạch Mai 
260 |a Cần Thơ 
260 |b Viện Đại Học Cần Thơ - Đại Học KHoa Học - Ban Vạn Vật Học 
260 |c 1972 
650 |a internal medicine,pathology,pollution,public health,water - pollution 
904 |i Minh, 991110 
980 |a Trung tâm Học liệu Trường Đại học Cần Thơ